01794cam a22004574i 4500003000900000005001700009008004100026020001800067035002700085040003300112049000900145082002400154100002700178245003600205264004000241300004800281300001400329336002100343337002500364338002300389490003100412505017800443526000900621526000900630526000800639526000800647526000800655526000800663541001700671650003300688700002100721700002300742910002200765942001400787949012500801994001400926596000600940999015800946980005501104952017701159PE-LiUPU20250731175641.0150706s r 000 0 d a9781405881593 a(Sirsi) i9781405881593 aPE-LiUPUbspacPE-LiUPUerda aPRUA04a428.6461bPR2 e2211 aDean, Michael,eautor.10aExtreme sports /cMichael Dean. 1aHarlow :bPearson Education,c2008. aiv; 29 páginas :bilustraciones ;c20 cm. a01 CD-ROM atext2rdacontent aunmediated2rdamedia avolume2rdacarrier0 aPenguin Readers ;vLevel 20 aWhat are extreme sports? -- Up in the air -- Down on the ground -- Under the water -- Games and races -- Wath do you know now about extreme sports? -- Answers -- Activities. aP145 aP127 aP97 aP35 aP14 aP07 g002-0046574;04aInglésxLibros de lectura.1 aHarvey, Bob,eil1 aDavies, John,eil. aglcjckd20120514 2ddccBOOK a428.6461 PR2 EwDEWEYc1i64650lCCODEBUL1mBULp5.00r0sYtBOOKu2015-7-6xEDUCACIONPP20o.STAFF. Colección General aC0bPEPRU a1 a428.6461 PR2 EwDEWEYc53354i64650f2021-11-8g5lCCODEBUL1mBULp5.00r0sYtBOOKu2015-7-6xEDUCACIONPP200COMPRAo.STAFF. Colección Generald53354 81gALBERTO SANCHEZ Responsable de Automatización r2025-12-02 00:00:00i6l0o428.6461 PR2 Ep64650te1v10.00w2015-07-06xFACIHEDyBKzinventario-2023-12-13102ddc50708GENfP20aBULbBULcGENd2015-07-06eCOMPRAg5.00